| 000 | 00839nam a22001695i 4500 | ||
|---|---|---|---|
| 001 | 163325 | ||
| 003 | ES-MaACL | ||
| 005 | 20250604062548.0 | ||
| 008 | 050718s1825 fr | |||||||| ||fre d | ||
| 040 |
_aCAM _bspa _cCAM |
||
| 245 | 0 | 0 |
_aRéponse d'un espagnol a deux pamphlets publiés a Paris contre le roi notre maitre et son gouvernement / _cbrochure traduite del'espagnol et augmenté de quelques notes pour l'intelligence du lecteur. |
| 260 |
_aParis : _ba la librairie française et étrangère, _c1825 ( _fInprimerie de Sétier) |
||
| 300 |
_a104 p. ; _c19 cm. |
||
| 651 | 7 |
_aEspaña- _xHistoria- _yS.XIX _2 _9142005 |
|
| 852 |
_aES-MaACL _jT-5-F-3 _q-- Enc. hol., falto de la cub. original _z-- Enc. en un vol. facticio _z.- Donat. Angel Calderón de la Barca (Actas del Ateneo, junta 9 de abril de 1844) |
||
| 999 |
_c163325 _d163325 |
||